แสดงรายละเอียดบรรณานุกรม
  กลับหน้าหลัก

Brief Record : Get Marc (ISO 2709) : E-mail record : QR code ปิดหน้าต่าง
E-books : เกี่ยวกับ Collections
LEADER 00000nam 2200000uu 4500
001    210522
003     ULIBM
008    020711s2557 th a 000 0 tha d
020    978-616-279-430-8
060    WX 205 ก287 2557
245    กลยุทธ์การบริบาลผู้ป่วยนอก=^bAmbulatory medicine - The siphon of health care services/^cเด่นหล้า ปาลเดชพงศ์,บรรณาธิการ.
246 00 ^aAmbulatory medicine - The siphon of health care services
250    พิมพ์ครั้งที่ 1
260    กรุงเทพฯ :^bสาขาวิชาการบริบาลผู้ป่วยนอก ภาควิชาอายุรศาสตร์ คณะแพทยศาสตร์ศิริราชพยาบาล,^c2557
300    369 หน้า :^bภาพประกอบ ;^c21 ซม.
650  4 ผู้ป่วย^xการดูแล
650  4 ^aผู้ป่วยของโรงพยาบาล,การบริการ
650  4 ^aผู้ป่วย^xการบริบาล
700 0  ^aเด่นหล้า ปาลเดชพงศ์,^eบรรณาธิการ
710 2  ^aคณะแพทยศาสตร์ศิริราชพยาบาล. ภาควิชาอายุรศาสตร์. สาขาวิชาการบริบาลผู้ป่วยนอก.
999    ^aใช้งานได้ทุกระบบ
รายการนี้ยังไม่มีแท็ก
คุณยังไม่ได้ล็อกอิน คุณสามารถมีกิจกรรมร่วมกับเว็บไซต์ได้ แต่ต้องล็อกอินก่อน ::
  ล็อกอิน
ลำดับที่ ประเภท เลขเรียก สถานที่ สถานะ
1. หนังสือทั่วไป
หนังสือทั่วไป
WX 205 ก287 2557 ฉ.1 
  
วิทยาศาสตร์สุขภาพ On Shelf
  ขอยืม
Note:งบประมาณปี 2558
2. หนังสือทั่วไป
หนังสือทั่วไป
สถานะ=หนังสือเก่า - บริการ ณ ห้องสมุด (ห้องเหลือง)
WX 205 ก287 2557 ฉ.2 
  
ห้องสมุด หอพักนักศึกษา (ห้องเหลือง) On Shelf
  ขอยืม
Note:งบประมาณปี 2558
   [แสดง 2/2 รายการ]

รายการใกล้เคียง
    หัวเรื่อง [ผู้ป่วย การดูแล]

BibComment


ยังไม่เคยถูกคอมเมนท์

คอมเมนท์ทรัพยากรรายการนี้
  คอมเมนท์: กลยุทธ์การบริบาลผ..
Bib 210522

 
 
 

 Union Library Management : ULibM
Copyright 2026. All Rights Reserved.
скачать бесплатно без регистрации порно красивый секс HD Sex Hindi sex

xxx gou

xxxx

bfxxx

xxxwww

Секса Видео

xxxx

Секса Видео

detube

geilexxx

C99 Shell

worms shell

blod xxx video
Ebony Coed Rihanna Rimes Takes A Dick In Her Young Twat priyaa indian fuck anal and pusssy hardcore indian women xxx desi hardcore fucking part 1 bengalixxxcouple